The peregrinations of Marco Antonio de Dominis, 1616-24

Saved in:  
Bibliographic Details
Main Author: Patterson, William B. 1930- (Author)
Format: Print Article
Language:English
Check availability: HBZ Gateway
Interlibrary Loan:Interlibrary Loan for the Fachinformationsdienste (Specialized Information Services in Germany)
Published: 1978
In: Religious motivation
Year: 1978, Pages: 241-257
Standardized Subjects / Keyword chains:B Dominis, Marco Antonio de 1560-1624

MARC

LEADER 00000caa a22000002c 4500
001 153329948X
003 DE-627
005 20220614102420.0
007 tu
008 160405s1978 xx ||||| 00| ||eng c
020 |a 0631192506 
035 |a (DE-627)153329948X 
035 |a (DE-576)463299485 
035 |a (DE-599)BSZ463299485 
040 |a DE-627  |b ger  |c DE-627  |e rakwb 
041 |a eng 
084 |a 1  |2 ssgn 
100 1 |0 (DE-588)173160085  |0 (DE-627)698081706  |0 (DE-576)13401099X  |4 aut  |a Patterson, William B.  |d 1930- 
109 |a Patterson, William B. 1930-  |a Patterson, William Brown 1930-  |a Patterson, W. B. 1930-  |a Brown Patterson, William 1930- 
245 1 4 |a The peregrinations of Marco Antonio de Dominis, 1616-24  |c by W.B. Patterson 
264 1 |c 1978 
336 |a Text  |b txt  |2 rdacontent 
337 |a ohne Hilfsmittel zu benutzen  |b n  |2 rdamedia 
338 |a Band  |b nc  |2 rdacarrier 
601 |a Antonio 
689 0 0 |d p  |0 (DE-588)119085151  |0 (DE-627)141936185  |0 (DE-576)162127650  |2 gnd  |a Dominis, Marco Antonio de  |d 1560-1624 
689 0 |5 (DE-627) 
773 0 8 |i In  |t Religious motivation  |d Oxford : Blackwell, 1978  |g (1978), Seite 241-257  |h XVI, 516 S.  |w (DE-627)039688070  |w (DE-576)007067011  |z 0631192506  |7 nnam 
773 1 8 |g year:1978  |g pages:241-257 
935 |a mteo 
951 |a AR 
ELC |b 1 
ITA |a 1  |t 1 
LOK |0 000 xxxxxcx a22 zn 4500 
LOK |0 001 2912360161 
LOK |0 003 DE-627 
LOK |0 004 153329948X 
LOK |0 005 20160405095514 
LOK |0 008 160404||||||||||||||||ger||||||| 
LOK |0 040   |a DE-Tue135  |c DE-627  |d DE-Tue135 
LOK |0 092   |o n 
LOK |0 852   |a DE-Tue135 
LOK |0 852 1  |9 00 
LOK |0 935   |a ixzs  |a ixmi 
LOK |0 939   |a 04-04-16  |b l01 
ORI |a SA-MARC-ixtheoa001.raw 
SYG 0 0 |a Gospodnetić, Marko Antun,1560-1624,Domnianić, Marko Antun,1560-1624,Gospodnetić, Marko,1560-1624,Domnianić, Marko,1560-1624,De Dominis, Marco Antonio,1560-1624,De Dominis, Marcantonio,1560-1624,Dominus, Marco Antonius,1560-1624,Dominis, Marcus Antonius de,1560-1624,Dominis, Marc'Antonio de,1560-1624,Dominis, Marko Antun,1560-1624,Dominis, Marcantonio de,1560-1624,DeDominis, Marco Antonio,1560-1624,DeDominis, Marcantonio,1560-1624,DeDominis, Marcus Antonius,1560-1624,Antonius,Spalatensis,1560-1624,Marcus Antonius,de Dominis,1560-1624,Dominis, Marc'Antonio de,Erzbischof,1560-1624,Dominis, Marcantonio de,Erzbischof,1560-1624,Dominis, Marcus Antonius de,Erzbischof,1560-1624,Dominis, Marco Antonio de,Erzbischof,1560-1624,De Dominis, Marco Antonio,Erzbischof,1560-1624,De Dominis, Marcus Antonius,1560-1624,Dominis, Markantun de,1560-1624,De Dominis, Markantun,1560-1624,Dominis, Markus Antonius de,1560-1624,De Dominis, Markus Antonius,1560-1624,Gospodnetić, Marco,1560-1624,Dominis, Marc Antoine de,1560-1624